000 00611nam a2200229Ia 4500
003 OSt
005 20220928105557.0
006 a|||||r|||| 00| 0
007 ta
008 220927b |||||||| |||| 00| 0 eng d
024 _a47737
037 _cTextual
040 _aSDCL
_cSDCL
_beng
041 _2eng
_aeng
082 _aR3xJ96:g, J2
100 _aSmith Norman Kemp
_9415870
245 0 _aNew studies in the philosophy of Descartes.
260 _aLondon
_bMacmillan & Co.
300 _a369p
_ccm.
942 _hR3xJ96:g, J2
_cTEXL
_2CC
999 _c731769
_d731769